000 00347nam a2200157Ia 4500
003 Ost
005 20260225132546.0
008 260225s9999||||xx |||||||||||||| ||und||
040 _cfsic
041 _afre
082 _a440
100 _aFrantz Fanon
_eAuteur
245 0 _aLes damnés de la terre /
245 0 _cFrantz Fanon
942 _cكتاب
999 _c33864
_d33864